| 000 | 00675nam a2200229 4500 | ||
|---|---|---|---|
| 003 | LK-CoMWRAF | ||
| 005 | 20231109123305.0 | ||
| 008 | 230818b2008 |||||||| |||| 00| 0 eng d | ||
| 020 | _a9789551358105 | ||
| 040 |
_aLK-CoMWRAF _dLK-CoMWRAF _eLK-CoMWRAF |
||
| 041 | _aeng | ||
| 082 |
_a338.954 _bRUP |
||
| 100 | _aRupesinghe, Kumar | ||
| 245 | _aDevelopment and conflict in Sri Lanka | ||
| 250 | _a2nd ed. | ||
| 260 |
_aColombo: _bFoundation for Co-Existence, _c2008 |
||
| 300 |
_axii, 451 p. ill. ; 21 cm _bBibliography included |
||
| 650 | _aINDUSTRIALIZATION-SRI LANKA | ||
| 650 | _aExports- Sri Lanka | ||
| 650 | _aCommercial policy-Sri Lanka | ||
| 942 | _cBK | ||
| 999 |
_c3217 _d3217 |
||